Catálogo
 En Linea

Vivian Brache Bonilla / (Registro nro. 54869)

Detalles MARC
000 -CABECERA
campo de control de longitud fija 01324nam a2200337 i 4500
003 - IDENTIFICADOR DEL NÚMERO DE CONTROL
campo de control DO-SdBNP
005 - FECHA Y HORA DE LA ÚLTIMA TRANSACCIÓN
campo de control 20250122110129.0
007 - CAMPO FIJO DE DESCRIPCIÓN FÍSICA--INFORMACIÓN GENERAL
campo de control de longitud fija ta
008 - DATOS DE LONGITUD FIJA--INFORMACIÓN GENERAL
campo de control de longitud fija 230920b2022 dr c|||| |||| 00| 0 spa d
020 ## - NÚMERO INTERNACIONAL ESTÁNDAR DEL LIBRO
Número Internacional Estándar del Libro 9789945934212
040 ## - FUENTE DE LA CATALOGACIÓN
Centro catalogador/agencia de origen DO-SdBNP
Lengua de catalogación spa
Centro/agencia transcriptor BNPHU
Normas de descripción rda
082 #4 - NÚMERO DE LA CLASIFICACIÓN DECIMAL DEWEY
Número de clasificación 920.72
Número de documento/Ítem B796c, 2021
Número de edición 22
100 1# - ENTRADA PRINCIPAL--NOMBRE DE PERSONA
Nombre de persona Cordero, Margarita
Término indicativo de función/relación autora
9 (RLIN) 39
245 10 - MENCIÓN DE TÍTULO
Título Vivian Brache Bonilla /
Mención de responsabilidad, etc. Margarita Cordero ; revisión, Aimara Vera ; edición, Carolina Acuña ; presentación, Mayra Jiménez
264 ## - PRODUCCIÓN, PUBLICACIÓN, DISTRIBUCIÓN, FABRICACIÓN Y COPYRIGHT
Producción, publicación, distribución, fabricación y copyright Santo Domingo :
Nombre del de productor, editor, distribuidor, fabricante Ministerio de la Mujer,
Fecha de producción, publicación, distribución, fabricación o copyright 2022.
300 ## - DESCRIPCIÓN FÍSICA
Extensión 99 páginas :
Otras características físicas ilustraciones, retratos ;
Dimensiones 23 cm.
336 ## - TIPO DE CONTENIDO
Fuente rdacontent
Término de tipo de contenido texto
Código de tipo de contenido txt
337 ## - TIPO DE MEDIO
Fuente rdamedia
Nombre/término del tipo de medio sin mediación
Código del tipo de medio n
338 ## - TIPO DE SOPORTE
Fuente rdacarrier
Nombre/término del tipo de soporte volumen
Código del tipo de soporte nc
490 0# - MENCIÓN DE SERIE
Mención de serie Biografías
500 ## - NOTA GENERAL
Nota general Incluye datos biográficos de la autora en la solapa de la contracubierta
586 ## - NOTA DE PREMIOS
Nota de premios Medalla al Mérito de la Mujer Dominicana 2021. Categoría: Ciencia y Tecnología
590 ## - NOTA LOCAL (RLIN)
Nota local Inventariado, 2023/BT
600 14 - PUNTO DE ACCESO ADICIONAL DE MATERIA--NOMBRE DE PERSONA
Nombre de persona Brache, Vivian,
Fechas asociadas al nombre 1953-
9 (RLIN) 84239
650 #4 - PUNTO DE ACCESO ADICIONAL DE MATERIA--TÉRMINO DE MATERIA
Término de materia o nombre geográfico como elemento de entrada Mujeres dominicanas
Subdivisión de forma Biografías
9 (RLIN) 81319
700 1# - PUNTO DE ACCESO ADICIONAL--NOMBRE DE PERSONA
Nombre de persona Vera, Aimara,
Término indicativo de función/relación revisión
9 (RLIN) 77925
700 1# - PUNTO DE ACCESO ADICIONAL--NOMBRE DE PERSONA
Nombre de persona Acuña, Carolina,
Término indicativo de función/relación edición
9 (RLIN) 83732
700 1# - PUNTO DE ACCESO ADICIONAL--NOMBRE DE PERSONA
Nombre de persona Jiménez, Mayra,
Término indicativo de función/relación presentación
9 (RLIN) 84062
910 ## - DATOS DE OPCIÓN DEL USUARIO (OCLC)
Datos de opción del usuario Btavárez/Validado. Control de calidad MFF
942 ## - ELEMENTOS DE PUNTO DE ACCESO ADICIONAL (KOHA)
Fuente del sistema de clasificación o colocación Dewey Decimal Classification
Tipo de ítem Koha Libro
Existencias
Estado de retiro Estado de pérdida Fuente del sistema de clasificación o colocación Restricciones de uso No para préstamo Código de colección Localización permanente Ubicación/localización actual Ubicación en estantería Fecha de adquisición Fuente de adquisición Total de préstamos Signatura topográfica completa Código de barras Fecha visto por última vez Precio válido a partir de Tipo de ítem Koha Número de copia
    Dewey Decimal Classification Excluido de préstamo   Patrimonio Dominicano Biblioteca Nacional Pedro Henríquez Ureña Biblioteca Nacional Pedro Henríquez Ureña Depósito 20.09.2023 Deposito legal   BNPHU PD 920.72 B796c 2021 2023-6231 20.09.2023 20.09.2023 Libro  
    Dewey Decimal Classification Excluido de préstamo   Patrimonio Dominicano Biblioteca Nacional Pedro Henríquez Ureña Biblioteca Nacional Pedro Henríquez Ureña Depósito 20.09.2023     BNPHU PD 920.72 B796c 2021 2023-6232 20.09.2023 20.09.2023 Libro e.2
    Dewey Decimal Classification Préstamo en sala   Dominicana de Servicio Biblioteca Nacional Pedro Henríquez Ureña Biblioteca Nacional Pedro Henríquez Ureña Depósito 20.09.2023     BNPHU DS 920.72 B796c 2021 2023-6233 20.09.2023 20.09.2023 Libro e.3
    Dewey Decimal Classification Préstamo en sala   Dominicana de Servicio Biblioteca Nacional Pedro Henríquez Ureña Biblioteca Nacional Pedro Henríquez Ureña Depósito 20.09.2023     BNPHU DS 920.72 B796c 2021 2023-6234 20.09.2023 20.09.2023 Libro e.4
    Dewey Decimal Classification Préstamo en sala   Dominicana de Servicio Biblioteca Nacional Pedro Henríquez Ureña Biblioteca Nacional Pedro Henríquez Ureña Depósito 20.09.2023     BNPHU DS 920.72 B796c 2021 2023-6235 20.09.2023 20.09.2023 Libro e.5

Con tecnología Koha